Регионална библиотека "Любен Каравелов" - Русе

Шест години (Запис номер 164775)

MARC детайли
000 -Лидер
Контролно поле с фиксирана дължина 01442nam a2200385 c 4500
003 - Код на организацията, давaща контролен номер
Контролно поле BLK
005 - Дата и час на последна редакция
Контролно поле 20250607105752.0
008 - Елементи от данни с фиксирана дължина
fixed length control field 180410b bul|||||r ||||||| ||bul||
010 ## - Наследен системен номер
LC control number KNG00172322000
020 ## - Международен стандартен номер на книга ISBN
Международен стандартен номер на книга ISBN 978-619-150-378-0
040 ## - Източник на каталожния запис
Идентификатор на билиотеката - собственик на записа BLK
041 ## - Код за език
Код за езика на текст/звукозапис или на отделно заглавие Български
Код за езика КДБФ Български
072 #7 - Код за тематичната категория
Код организация bullib
Код за тематична категория Н8301
Текст Трилъри Н
080 ## - УДК
Текстов определител УДК Американска литература (на САЩ)
УДК код - определител по УДК 821.111(73)
УДК определител -312.4
УДК - код + определител 821.111(73)-312.4
100 1# - Редна дума - Автор
Автор Коубън, Харлан
Авторска отговорност първи автор
R(LIN) 83442
139 ## - Редно поле
Редна дума Кобен, Харлан
Авторски знак Кот - К 87
245 10 - Сведения за заглавието
Заглавие Шест години
Подзаглавни данни Роман
Редно поле (дума) Харлан Коубън; * Харлан Кобен; прев. от англ. Венцислав Константинов Венков.
257 ## - Страна на издаване
Страна на създаване/издаване Съединени американски щати
260 ## - Област на издателските данни
Име на издателя, разпространителя и проч. Колибри
Година на издаване 2014
Печатница София : Инвестпрес
300 ## - Физическа характеристика
Страници 360 с.
Размери/Мащаб 20 см
380 ## - Жанр
Жанр Худож. лит.
500 ## - Общи забележки
Забележка Ориг. загл. Six Years / Harlan Coben.
653 ## - Ключова дума – ненормативна
Ключова дума трилъри
653 ## - Ключова дума – ненормативна
Ключова дума романи
659 ## - Тематичен бюлетин
Тематичен бюлетин Н
700 1# - Други автори (авторска отговорност)
Лично име Кобен, Харлан
Автороска отговорност (Описва отношението между автора и произведението) *
9 (RLIN) 79932
700 1# - Други автори (авторска отговорност)
Лично име Венков, Венцислав Константинов
Автороска отговорност (Описва отношението между автора и произведението) прев. от англ.
9 (RLIN) 367682
852 ## - Местоположение
Форматна сигнатура Цб 188107
856 4# - Електронен адрес и достъп
Електронен формат pdf - файл
856 4# - Електронен адрес и достъп
Електронен формат pdf - файл
999 ## - СИСТЕМНИ КОНТРОЛНИ НОМЕРА
Koha biblionumber 164775
Koha biblioitemnumber 164775
942 ## - АРТИКУЛИ
Вид на библиотечния материал Книги
Скрит в OPAC Не
Koha issues (borrowed), all copies 93
Периодичен библиозапис Да
944 ## - СЪЗДАВАНЕ И РЕДАКЦИЯ на ЗАПИСА
Създаване/Редакция Създаване
Дата на регистрацията/редакция 27.02.2015
Статус, дата на статуса Диана Гривева
Служител, извършил регистрацията/редакцията 30529
944 ## - СЪЗДАВАНЕ И РЕДАКЦИЯ на ЗАПИСА
Създаване/Редакция Редакция
Дата на регистрацията/редакция 10.08.2016
Статус, дата на статуса ф /
Служител, извършил регистрацията/редакцията Пенка_Димитрова
999 ## - СИСТЕМНИ КОНТРОЛНИ НОМЕРА
Koha biblioitemnumber 164775
Наличности
Код за отписване Код за изгубен артикул Източник на класификационната схема Код за повреда Коз за рестрикции Код за отдаване Артикулен № Име на библиотеката - собственик Име на библиотеката, в която се намира в момента Статус (Текущо местоположение) Дата на вписване в системата Местоположение - отдел Цена в лева Инвентарен номер Систематично азбучна сигнатура Баркод Номер на екземпляра Цена в евро Служебна бележка Служебен тип на артикула
  Не е изгубен Universal Decimal Classification Не е повреден без рестрикции заемане за дома 277511 Регионална библиотека "Любен Каравелов" Русе Регионална библиотека "Любен Каравелов" Русе Заемна - подръчен фонд 2015-02-27 Заемна - подръчен фонд 16.00 120000785979 П 820(73)-31/К 87 120000785979 1 8.18 Дост: DA Вид: А N: 6 Дата: 27.02.2015 Книги
Изтеглен Не е изгубен Universal Decimal Classification Не е повреден без рестрикции заемане за дома 277512 Регионална библиотека "Любен Каравелов" Русе Регионална библиотека "Любен Каравелов" Русе Заемна - подръчен фонд 2015-02-27 Заемна - подръчен фонд 16.00 120000785980 П 820(73)-31/К 87 120000785980 2 8.18 Дост: DA Вид: А N: 6 Дата: 27.02.2015 Книги
  Не е изгубен   Не е повреден без рестрикции ползва се в читалня 277513 Регионална библиотека "Любен Каравелов" Русе Регионална библиотека "Любен Каравелов" Русе Хранилище 2016-08-10 Хранилище 16.00 120000802522 Цб 188107 120000802522 3 8.18 Дост: Dp Вид: Д N: 25 Дата: 19.05.2016 Книги
Vip Innovations Ltd, Rousse, Bulgaria 2025